| 000 | 01062nam a2200313 4500 | ||
|---|---|---|---|
| 003 | EG-GICUC | ||
| 005 | 20260121101349.0 | ||
| 008 | 251126s1918 uk ||||fr|||| 00| 0 eng d | ||
| 040 |
_aEG-GiCUC _beng _cEG-GiCUC _dEG-GiCUC _erda |
||
| 041 | _aeng | ||
| 082 | 0 | 4 |
_221 _a341.22 _bS T . S |
| 092 | 0 | 4 | _221 |
| 099 | _aLaw1 11 341.22 S T . S 1 ed - 1918 | ||
| 100 | 1 |
_astallybrass ,w.t.s _eAuthor. |
|
| 245 | 1 | 2 |
_aA Society of states : _bor sovereignty independence and equality in a league of nations / _cw.t.s stallybrass. |
| 250 | _aFIRST ed | ||
| 264 | 1 |
_alondon : _bgeorge routledge&sons, _c1918. |
|
| 300 |
_a176 pages ; _c24 cm. |
||
| 336 |
_2rda content _atext |
||
| 337 |
_2rda media _aComputer |
||
| 338 |
_2rda carrier _aOnline Resource |
||
| 504 | _aBibliographic references | ||
| 650 | 1 |
_aA Society of states _xPublic international law _2qrmak |
|
| 650 | 1 |
_aA Society of Nations _xPublic international law |
|
| 651 | 1 | _2qrmak | |
| 856 | 4 | 0 | _uhttps://fll.law.cu.edu.eg/fulltext/bks/B11-06165.pdf |
| 905 |
_a75 _eYara |
||
| 942 |
_2ddc _n0 _cBK _e21 |
||
| 999 |
_c46296 _d46296 |
||